000 01503cam a2200313 4500
001 J91595
008 090401t1998 xxu||||| |||| 00| 0 eng d
035 _a(Sirsi) u86084
041 _aeng
050 _a692.8
110 _aJoint Contracts Tribunal
_93664
245 _aStandard Form of Building Contract 1980 edition ... Amendment 18 and guidance notes issued April 1998. Amendments arising out of proposals in Constructing the Team by Sir Michael Latham ... issued July 1994. Amendments to comply with the provisions of the Housing Grants, Construction and Regeneration Act 1996: Part II construction contracts.
260 _aLondon
_bRIBA Publications
_c1998
300 _a60p. ; 30cm.
350 _a5
650 _aMANAGEMENT-DISPUTE AVOIDANCE, MANAGEMENT AND RESOLUTION-DISPUTE MANAGEMENT AND RESOLUTION-ALTERNATIVE DISPUTE RESOLUTION-ADJUDICATION-ADJUDICATION AGREEMENTS
650 _aAMENDMENT 18
650 _aMANAGEMENT-DISPUTE AVOIDANCE, MANAGEMENT AND RESOLUTION-DISPUTE MANAGEMENT AND RESOLUTION-ARBITRATION
650 _aBUILT ENVIRONMENT-BUILDING CONTRACT FORMS
650 _aBUILT ENVIRONMENT-BUILDING CONTRACT FORMS
650 _aCONSTRUCTION DISPUTES
650 _aHOUSING GRANTS, CONSTRUCTION AND REGENERATION ACT 1996 PART II
650 _aJCT ADJUDICATION AGREEMENT
650 _aJCT STANDARD FORM OF BUILDING CONTRACT (1980 EDITION)
650 _aLATHAM REFORMS
690 _aBUILT ENVIRONMENT-BUILDING CONTRACT FORMS
942 _n0
948 _c07/05/1998
999 _c97103
_d97103